|
|
|
|
| LEADER |
00000nab a2200000 a 4500 |
| 001 |
vtls008414390 |
| 003 |
SK-MaSNL |
| 005 |
20260304171905.0 |
| 008 |
250505c2005 xo 0 slo |
| 015 |
|
|
|a SNBCL2005/5
|
| 035 |
|
|
|a SLK035682
|
| 035 |
|
|
|a urn:nbn:sk:snk-abvvu
|
| 035 |
|
|
|a (urnnbn)urn:nbn:sk:snk:ar-a04kme
|
| 035 |
|
|
|a (uuid)095df52d-9992-4bd1-9673-13d0508a842c
|
| 040 |
|
|
|a SNKBUCL
|b slo
|c SNKBUCL
|e AACR2
|
| 041 |
0 |
|
|a slo
|b slo
|
| 044 |
|
|
|a xo
|c SK
|
| 080 |
|
|
|a 616.127-006.8-089-083
|2 1981
|
| 100 |
1 |
|
|a Biščová, Katarína
|4 aut
|9 1500841
|
| 245 |
1 |
0 |
|a Komplexná ošetrovateľská starostlivosť o pacienta po operácii aorto-koronárneho bypassu podľa modelu D.E. Oremovej
|c Katarína Biščová
|
| 300 |
|
|
|b Tab.
|
| 504 |
|
|
|a Res. slov.
|
| 504 |
|
|
|a Bibliogr. odkazy
|
| 650 |
0 |
7 |
|a by-pass aortokoronárny
|x klasifikácia
|2 MESH
|9 1500842
|
| 650 |
0 |
7 |
|a intenzívna starostlivosť
|2 MESH
|9 66540
|
| 650 |
0 |
7 |
|a vzťahy ošetrovateľka-pacient
|2 MESH
|9 857059
|
| 650 |
0 |
7 |
|a faktory rizikové
|2 MESH
|9 838956
|
| 650 |
0 |
7 |
|a manažment choroby
|2 MESH
|9 1055332
|
| 650 |
0 |
7 |
|a audit ošetrovateľskej starostlivosti
|2 MESH
|9 1462054
|
| 773 |
0 |
|
|t Ošetrovateľstvo a pôrodná asistencia
|g Roč. 3, č. 4 + supplementum (2005), s. VIII-X
|x 1336-183X
|
| 850 |
|
|
|a Slovenská národná knižnica
|
| 852 |
|
|
|a Slovenská národná knižnica
|
| 954 |
|
|
|a odborná, vedecká literatúra pôvodná (slovenská)
|2 lita
|
| 958 |
|
|
|a article27
|
| 958 |
|
|
|a OND
|
| 958 |
|
|
|a EUIPO
|
| 999 |
|
|
|c 2995445
|d 2997375
|